Hacia una interpretación del desarrollo costarricense : ensayo sociológico /
Αποθηκεύτηκε σε:
| Κύριος συγγραφέας: | |
|---|---|
| Μορφή: | Βιβλίο |
| Γλώσσα: | Spanish |
| Έκδοση: |
San José, Costa Rica :
Editorial Porvenir,
1986.
|
| Έκδοση: | 5. edición ampliada y corregida. |
| Σειρά: | Colección Debate
|
| Θέματα: | |
| Ετικέτες: |
Προσθήκη ετικέτας
Δεν υπάρχουν, Καταχωρήστε ετικέτα πρώτοι!
|
MARC
| LEADER | 00000cam a2200000 i 4500 | ||
|---|---|---|---|
| 001 | 233590 | ||
| 005 | 20150119062156.0 | ||
| 008 | 840620s1986 cr a b 000 0 spa d | ||
| 020 | |a 9977944008 | ||
| 040 | |a CtY |c CtY |d NNC |d CRU CIICLA | ||
| 082 | |a 303.44 |b V422h5 | ||
| 090 | |a HN133 |b .V43 1983 | ||
| 100 | 1 | |a Vega Carballo, José Luis. | |
| 245 | 1 | 0 | |a Hacia una interpretación del desarrollo costarricense : |b ensayo sociológico / |c José Luis Vega Carballo. |
| 250 | |a 5. edición ampliada y corregida. | ||
| 260 | |a San José, Costa Rica : |b Editorial Porvenir, |c 1986. | ||
| 300 | |a 446 páginas: |b ilustraciones. | ||
| 490 | 1 | |a Colección Debate | |
| 504 | |a Bibliografía: páginas 435-446. | ||
| 651 | 1 | 4 | |a COSTA RICA |x CONDICIONES SOCIALES |
| 651 | 1 | 4 | |a COSTA RICA |x CONDICIONES ECONOMICAS |
| 942 | |2 ddc |c BK | ||
| 999 | |c 3773 |d 3773 | ||



